000 00643nam a22002057a 4500
003 OSt
005 20221103205146.0
008 150522b xxu||||| |||| 00| 0 eng d
020 _a963 7211 31 4
040 _cBiblioteca Lado V
082 _a700.74
_bJ89o
100 _9328
_aJozsef, Sarkany
_ecurador
245 _aXV Orszagos Keramia Biennale Pecs, 1997/
260 _c1997
_aAlemania
300 _a110p.
_c22x22cm
650 _2Tesauro de Arte & Arquitectura
_aBIENAL
650 _2Tesauro de Arte & Arquitectura
_aARTE
650 _2Tesauro de Arte & Arquitectura
_aARTE VISUAL
942 _2ddc
_c1
_h700.74
_iJ89o
_n0
999 _c2518
_d2518